Statistics for Guess The Animals 1

Click here to take the quiz!

General Stats

  • This quiz has been taken 30 times
  • The average score is 8 of 9

Answer Stats

HintAnswer% Correct
An animal with wide jawscrocodile
100%
Harry Potter's petowl
100%
A pet that meowscat
96%
An animal that barksdog
96%
in the seafish
96%
An animal that is the king of them alllion
96%
climbs on treesmonkey
91%
an animal in a farmsheep
91%
is famous for its earsrabbit
70%

Score Distribution

Percentile by Number Answered

Percent of People with Each Score

Your Score History

You have not taken this quiz